|
|
|
|
| LEADER |
00989nam a2200241 a 4500 |
| 001 |
000613056 |
| 003 |
CZ BrMZK |
| 005 |
20020729084123.0 |
| 008 |
020729s1973 xr f cze d |
| 015 |
|
|
|a cnb001230656
|
| 040 |
|
|
|a BOA001
|b cze
|c BOA001
|
| 245 |
0 |
0 |
|a Vědeckoateistická výchova (povinný předmět) :
|b studijní obor 76-40-6 - učitelství na mateřských školách : studijní obor 76-41-6 - vychovatelství
|
| 250 |
|
|
|a 1. vyd.
|
| 260 |
|
|
|a Praha :
|b Státní pedagogické nakladatelství,
|c 1973
|
| 300 |
|
|
|a 5 s.
|
| 490 |
1 |
|
|a Učební osnovy pro pedagogické školy
|
| 500 |
|
|
|a Rozmnoženo
|
| 710 |
1 |
|
|a Česko (Československo).
|b Ministerstvo školství, mládeže a tělovýchovy
|7 ko2003181190
|
| 830 |
|
0 |
|a Učební osnovy pro pedagogické školy
|
| 910 |
|
|
|a BOA001
|b PK-N-0015.633
|
| 964 |
|
|
|a Výchova ateistická - osnovy - školy pedagogické
|
| 990 |
|
|
|a BK
|
| 996 |
6 |
|
|b BC-39771
|c PK-N-0015.633
|l MZK
|r Sklad / do 1 hodiny
|n 0
|w 000613056
|u 000010
|a 1
|e BOA001
|j MZK50
|s P
|